000 00255nam a22001097a 4500
008 170118b xxu||||| |||| 00| 0 eng d
020 _a9780131136076
041 _aeng
080 _a618.2
245 _aINTERMEDIATE EMERGENCY CARE
_cBLEDSOE
942 _2udc
_cBK
999 _c3044
_d3044